000 00778nam a22002537a 4500
003 UA-OsUOA
001 20829
007 ta
008 20031104b un ||||| |||| 00| 0 ukr d
100 _aЯровий І.
090 _a94 (4)"1945/..."
_bЯ76
942 _cBK
040 _aUA-OsUOA
_bukr
_cUA-OsUOA
_dUA-OsUOA
245 _aНовітня історія країн Східної європи 40-ві - 90-ті роки XX ст.: курс лекцій
_bнавч. посібник
300 _a269 с.
955 _a2
041 _aukr
080 _a94 (4)"1945/..."
020 _a5-325-00857-9
260 _aК.
_bЛибідь
_c1997
044 _aUA
650 7 _a9 Географія. Біографії. Історія
_2UDC
999 _c307013
_d307013